[Event "February Lviv Tradition-IM 2020"]
[Site "Lviv"]
[Date "2020.02.21"]
[Round "8.3"]
[White "Shkuran, Danylo"]
[Black "Bognar, Csaba"]
[Result "1-0"]
[WhiteElo "2329"]
[BlackElo "2128"]
[Annotator "ChessBase"]
[PlyCount "55"]
[EventDate "2020.02.17"]
[EventType "tourn"]
[EventCountry "UKR"]
[SourceTitle "playchess.com"]
[Source "ChessBase"]
[SourceQuality "1"]
[TimeControl "5400+30"]

1. e4 {[%emt 0:02:20]} d6 {[%emt 0:05:16]} 2. d4 {[%emt 0:00:09]} Nf6 {[%emt 0:00:05]} 3. Nc3 {[%emt 0:00:08]} g6 {[%emt 0:00:09]} 4. f3 {[%emt 0:00:09]} c6 {[%emt 0:00:05]} 5. Be3 {[%emt 0:00:40]} Nbd7 {[%emt 0:00:09]} 6. Qd2 {[%emt 0:00:14]} b5 {[%emt 0:00:31]} 7. O-O-O {[%emt 0:00:42]} Nb6 {[%emt 0:01:01]} 8. Bd3 {[%emt 0:01:03]} h5 {[%emt 0:05:21]} 9. Nh3 {[%emt 0:10:18]} Bxh3 {[%emt 0:20:09]} 10. gxh3 {[%emt 0:01:58]} Qc7 {[%emt 0:00:06]} 11. Kb1 {[%emt 0:06:37]} O-O-O {[%emt 0:04:19]} 12. d5 {[%emt 0:19:57]} b4 {[%emt 0:08:33]} 13. Ne2 {[%emt 0:00:21]} cxd5 {[%emt 0:05:39]} 14. Qxb4 {[%emt 0:01:43]} e5 {[%emt 0:06:49]} 15. Bg5 {[%emt 0:16:29]} Be7 {[%emt 0:01:02]} 16. Ba6+ {[%emt 0:03:43]} Kb8 {[%emt 0:06:21]} 17. Bxf6 {[%emt 0:00:14]} Bxf6 {[%emt 0:00:05]} 18. Rxd5 {[%emt 0:00:19]} Ka8 {[%emt 0:00:51]} 19. Nc3 {[%emt 0:01:42]} Nxd5 {[%emt 0:03:42]} 20. Nxd5 {[%emt 0:00:26]} Qc6 {[%emt 0:01:01]} 21. Bb5 {[%emt 0:00:25]} Qb7 {[%emt 0:07:38]} 22. Qa4 {[%emt 0:00:15]} Rc8 {[%emt 0:01:07]} 23. Nxf6 {[%emt 0:00:20]} Rc5 {[%emt 0:01:10]} 24. c4 {[%emt 0:00:35]} Rb8 {[%emt 0:03:46]} 25. Nd7 {[%emt 0:02:13]} Rxc4 {[%emt 0:01:11]} 26. Qxc4 {[%emt 0:00:07]} Qxb5 {[%emt 0:00:18]} 27. Qxb5 {[%emt 0:00:07]} Rxb5 {[%emt 0:00:06]} 28. Rd1 {[%emt 0:00:10]} 1-0

[Event "February Lviv Tradition-IM 2020"]
[Site "Lviv"]
[Date "2020.02.21"]
[Round "8.4"]
[White "Roshka, Yevgeniy"]
[Black "Malynovskyi, Rostyslav"]
[Result "1-0"]
[WhiteElo "2456"]
[BlackElo "2238"]
[Annotator "TA"]
[PlyCount "79"]
[EventDate "2020.02.17"]
[EventType "tourn"]
[EventCountry "UKR"]
[SourceTitle "playchess.com"]
[Source "ChessBase"]
[SourceQuality "1"]

{[%evp 20,79,-25,-33,21,14,21,20,17,0,6,0,6,0,34,0,0,-31,-10,-28,-27,-50,-31,-17,-36,-52,-11,-33,0,0,0,0,43,31,116,100,97,68,87,89,95,101,107,58,64,66,118,47,88,80,152,130,146,87,141,141,141,137,792,793,1235,1232]} 1. e4 c5 2. Nf3 Nc6 3. g3 g6 4. Bg2 Bg7 5. O-O e5 6. c3 Nge7 7. a3 d6 8. b4 a6 9. d3 O-O 10. Bb2 h6 11. Nbd2 f5 {A04: Unusual lines after 1 Nf3 and King's Indian Attack.} (11... Rb8 $15) 12. exf5 $11 Bxf5 13. Qe2 b6 {The position is equal.} 14. Nh4 Bd7 $1 15. Rae1 g5 16. Nhf3 $1 Ng6 17. Qe4 Nce7 18. h3 Rc8 19. c4 Bf5 20. Qe2 Qd7 21. Kh2 Nc6 22. Ne4 Rce8 (22... g4 $5 {[%cal Rg4f3]} 23. Nfd2 gxh3 $15) 23. Qd1 Nd4 24. Nxd4 exd4 25. Bc1 Be5 26. Qh5 Bg7 (26... Nh4 $1 $14) 27. f4 gxf4 28. gxf4 Ne7 29. Bf3 Bg6 30. Qg4 Bf5 31. Qh4 Kh8 32. Rg1 {Hoping for Bh5.} Ng8 (32... Qd8 $14) 33. Qh5 (33. Bg4 $16) 33... Re7 34. Bg4 a5 ({Better is} 34... d5) 35. bxa5 $16 bxa5 36. Bd2 ({White should try} 36. Bxf5 Rxf5 37. Qg6) 36... a4 (36... d5 $142) 37. Bxf5 Rxf5 38. Qg6 Nf6 $2 {[%mdl 8192] [#]} (38... Rf8 $16) 39. Ng3 $1 $18 Rxe1 40. Rxe1 {Accuracy: White = 78%, Black = 45%.} 1-0

[Event "February Lviv Tradition-IM 2020"]
[Site "Lviv"]
[Date "2020.02.21"]
[Round "8.5"]
[White "Vakulenko, Oleksandr"]
[Black "Bets, Anatolij"]
[Result "1-0"]
[WhiteElo "2262"]
[BlackElo "2249"]
[Annotator "NA"]
[PlyCount "55"]
[EventDate "2020.02.17"]
[EventType "tourn"]
[EventCountry "UKR"]
[SourceTitle "playchess.com"]
[Source "ChessBase"]
[SourceQuality "1"]
[TimeControl "5400+30"]

1. d4 Nf6 2. c4 e6 3. Nc3 Bb4 4. e3 d5 5. cxd5 exd5 6. Qa4+ Nc6 7. Bd3 {E40: Nimzo-Indian: Rubinstein (4 e3): Unusual Black 4th moves.} O-O 8. Nge2 Bd6 9. a3 {[#]} Ne7 $146 ({Predecessor:} 9... a6 10. Qc2 Ne7 11. O-O b6 12. b4 Bb7 13. Rb1 Ng6 14. f3 Qe7 15. Ng3 Nh4 {½-½ (28) Nisipeanu,L (2657)-Lodici,L (2447) Spilimbergo 2018}) 10. Qc2 g6 11. Nb5 Bf5 12. f3 Bxd3 13. Qxd3 Re8 14. e4 dxe4 15. fxe4 Nxe4 16. Qxe4 Nf5 {[#]} 17. Qd3 ({Wrong is} 17. Qxb7 $2 Rb8 $19) (17. Qf3 $1 $16) 17... Qh4+ 18. Kd1 Rxe2 $2 (18... Rad8 $11 {and Black is okay.}) 19. Qxe2 Nxd4 20. Nxd4 Qxd4+ 21. Kc2 $18 Qa4+ 22. b3 Qc6+ 23. Kb1 Re8 24. Qc2 Qb5 25. Rd1 Re2 26. Rd2 Re1 27. Ka2 Qa5 28. Bb2 1-0

[Event "February Lviv Tradition-IM 2020"]
[Site "Lviv"]
[Date "2020.02.22"]
[Round "9.1"]
[White "Bets, Anatolij"]
[Black "Kowalski, Igor"]
[Result "1/2-1/2"]
[WhiteElo "2249"]
[BlackElo "2332"]
[Annotator "ChessBase"]
[PlyCount "63"]
[EventDate "2020.02.17"]
[EventType "tourn"]
[EventCountry "UKR"]
[SourceTitle "playchess.com"]
[Source "ChessBase"]
[SourceQuality "1"]
[TimeControl "5400+30"]

1. d4 {[%emt 0:00:54]} d5 {[%emt 0:00:00]} 2. c4 {[%emt 0:00:02]} c6 {[%emt 0:00:00]} 3. Nf3 {[%emt 0:02:32]} e6 {[%emt 0:00:00]} 4. Qc2 {[%emt 0:00:02]} Nf6 {[%emt 0:00:00]} 5. Bg5 {[%emt 0:00:03]} h6 {[%emt 0:00:00]} 6. Bh4 {[%emt 0:00:01]} dxc4 {[%emt 0:00:04]} 7. Qxc4 {[%emt 0:00:04]} b5 {[%emt 0:00:02]} 8. Qc2 {[%emt 0:00:05]} Bb7 {[%emt 0:00:02]} 9. e4 {[%emt 0:03:33]} Nbd7 {[%emt 0:00:02]} 10. Be2 {[%emt 0:00:05]} Be7 {[%emt 0:00:02]} 11. Nbd2 {[%emt 0:00:03]} O-O {[%emt 0:26:02]} 12. O-O {[%emt 0:00:04]} c5 {[%emt 0:00:01]} 13. e5 {[%emt 0:00:02]} Nd5 {[%emt 0:00:02]} 14. Bxe7 Qxe7 15. Bxb5 cxd4 16. Qe4 Rfd8 17. Rfc1 Qb4 18. Bd3 Nf8 19. Nc4 Ne3 20. Qf4 Nxc4 21. Rxc4 Qb6 22. Rac1 Rac8 23. Rxc8 Bxc8 24. b3 Ba6 25. Rd1 Bxd3 26. Rxd3 Ng6 27. Qe4 Qa5 28. Rxd4 Rxd4 29. Nxd4 Qxa2 30. g3 Ne7 31. Qa8+ Kh7 32. Qe4+ 1/2-1/2

[Event "February Lviv Tradition-IM 2020"]
[Site "Lviv"]
[Date "2020.02.22"]
[Round "9.2"]
[White "Malynovskyi, Rostyslav"]
[Black "Vakulenko, Oleksandr"]
[Result "0-1"]
[WhiteElo "2238"]
[BlackElo "2262"]
[Annotator "ChessBase"]
[PlyCount "92"]
[EventDate "2020.02.17"]
[EventType "tourn"]
[EventCountry "UKR"]
[SourceTitle "playchess.com"]
[Source "ChessBase"]
[SourceQuality "1"]
[TimeControl "5400+30"]

1. d4 d5 2. c4 e6 3. Nc3 c6 4. e3 f5 5. Nf3 Nd7 6. Qc2 Nh6 7. Bd3 Bd6 8. Bd2 O-O 9. O-O-O b6 10. cxd5 exd5 11. h3 Kh8 12. Rdg1 Nf6 13. Ne5 Ne4 14. Be1 Bxe5 15. dxe5 Nc5 16. Ne2 Bb7 17. Nd4 Qe7 18. g4 Nxd3+ 19. Qxd3 c5 20. Nxf5 Nxf5 21. gxf5 d4 22. f4 Bxh1 23. Rxh1 Qb7 24. e4 Rxf5 25. Bd2 Rd8 26. Rg1 c4 27. Qg3 Rf7 28. e6 c3 29. exf7 cxd2+ 30. Kxd2 Qxf7 31. f5 Rc8 32. Rc1 Rxc1 33. Qb8+ Qg8 34. Qxg8+ Kxg8 35. Kxc1 Kf7 36. e5 g6 37. Kd2 gxf5 38. Kd3 Ke7 39. Kc4 Kd7 40. Kd3 Ke6 41. Kxd4 a6 42. h4 a5 43. b3 b5 44. a3 b4 45. axb4 axb4 46. h5 h6 0-1

[Event "February Lviv Tradition-IM 2020"]
[Site "Lviv"]
[Date "2020.02.22"]
[Round "9.3"]
[White "Bognar, Csaba"]
[Black "Roshka, Yevgeniy"]
[Result "0-1"]
[WhiteElo "2128"]
[BlackElo "2456"]
[Annotator "TA"]
[PlyCount "116"]
[EventDate "2020.02.17"]
[EventType "tourn"]
[EventCountry "UKR"]
[SourceTitle "playchess.com"]
[Source "ChessBase"]
[SourceQuality "1"]

{[%evp 11,104,9,13,0,0,-4,-3,-8,0,-8,-11,-11,0,-10,-10,-6,0,-10,-11,-12,-14,-16,-16,-19,-11,-19,-17,-19,-20,-17,0,-8,-21,-34,-42,-29,-29,-30,-46,-33,-43,-42,-43,-101,-38,-87,-96,-93,-91,-85,-89,-89,-90,-85,-83,-84,-83,-104,-104,-104,-104,-104,-104,-104,-104,-104,-104,-104,-104,-104,-104,-104,-104,-104,-104,-104,-104,-104,-104,-104,-104,-104,-104,-72,-57,-57,-57,-57,-57,-57,-57,-58,-58,-64,-66]} 1. e4 c5 2. Nf3 d6 3. Bb5+ Bd7 4. Bxd7+ Qxd7 5. O-O Nc6 6. c3 Nf6 7. d3 {B52: Sicilian: Moscow Variation with 3...Bd7.} e6 8. h3 Be7 9. Bf4 {The position is equal.} O-O 10. Nbd2 b5 11. Qe2 Qb7 12. Bg3 Rfd8 13. Rfd1 h6 14. Bh2 Rac8 15. a3 Nd7 16. Nf1 Nb6 17. Rab1 a6 {[%cal Ba7a6,Ba6a5,Ba5a4][%mdl 32]} 18. Bf4 d5 19. Ng3 Bf8 20. e5 a5 21. Nh5 Ne7 22. Nh4 d4 23. Bd2 a4 24. Qg4 {Black must now prevent Bxh6.} Kh8 25. Qf4 Ng6 26. Qg3 Nxh4 27. Qxh4 Nd5 (27... dxc3 $17 28. Bxc3 Rd7) 28. Qe4 {Threatens to win with c4.} Rd7 29. cxd4 cxd4 30. Rdc1 Rxc1+ 31. Rxc1 Rc7 $1 32. Qe1 ({Don't play} 32. Qxd4 $6 Rxc1+ 33. Bxc1 Qc7 $11) 32... Qb8 33. Nf4 Ne7 34. Rxc7 Qxc7 35. Bb4 Qc2 36. g3 Qxb2 37. Bd6 Kg8 38. Qa5 Qc1+ 39. Kg2 Qc3 40. Qxb5 Qc6+ 41. Qxc6 Nxc6 42. Kf3 Bxd6 43. exd6 $17 {[%mdl 4096] Endgame KN-KN} g6 44. h4 Kf8 45. h5 {[#]} g5 $1 {[%cal Rg5f4]} 46. Ne2 f5 47. g4 {[#]} Kf7 $1 48. Kg3 {Black is slightly better.} f4+ $1 49. Nxf4 $1 gxf4+ 50. Kxf4 Kf6 $1 {And now ...Ne5 would win.} 51. Ke4 e5 $1 {aiming for ...Ke6.} 52. Kd5 Nd8 $1 {[#] Accuracy: White = 97%, Black = 97%.} {Predecessor:} 53. d7 $146 Nf7 54. Kc5 Kg5 55. f3 Kf6 56. Kb4 Ke7 57. Kxa4 Kxd7 58. Kb5 Kd6 {0-1 (58) Mary,P (2503)-Noble,M (2560) ICCF email 2012} 0-1

[Event "February Lviv Tradition-IM 2020"]
[Site "Lviv"]
[Date "2020.02.22"]
[Round "9.4"]
[White "Kryvoruchko, Vita"]
[Black "Shkuran, Danylo"]
[Result "0-1"]
[WhiteElo "2146"]
[BlackElo "2329"]
[Annotator "ChessBase"]
[PlyCount "76"]
[EventDate "2020.02.17"]
[EventType "tourn"]
[EventCountry "UKR"]
[SourceTitle "playchess.com"]
[Source "ChessBase"]
[SourceQuality "1"]
[TimeControl "5400+30"]

1. d4 {[%emt 0:01:36]} Nf6 {[%emt 0:00:00]} 2. c4 {[%emt 0:00:09]} c6 {[%emt 0:00:06]} 3. Nc3 {[%emt 0:00:24]} d5 {[%emt 0:00:06]} 4. e3 {[%emt 0:01:20]} e6 {[%emt 0:00:19]} 5. Nf3 {[%emt 0:00:06]} Nbd7 {[%emt 0:00:19]} 6. Qc2 {[%emt 0:00:05]} Bd6 {[%emt 0:00:30]} 7. b3 {[%emt 0:00:05]} Qe7 {[%emt 0:00:20]} 8. Bb2 {[%emt 0:00:22]} O-O {[%emt 0:02:20]} 9. Bd3 {[%emt 0:03:50]} dxc4 {[%emt 0:06:59]} 10. bxc4 {[%emt 0:00:25]} e5 {[%emt 0:00:24]} 11. O-O {[%emt 0:00:35]} Re8 {[%emt 0:00:48]} 12. c5 {[%emt 0:31:38]} Bc7 {[%emt 0:06:06]} 13. Bc4 {[%emt 0:00:07]} h6 {[%emt 0:04:03]} 14. h3 {[%emt 0:00:43]} e4 {[%emt 0:01:44]} 15. Nd2 {[%emt 0:00:42]} b6 {[%emt 0:02:57]} 16. cxb6 {[%emt 0:06:52]} Nxb6 {[%emt 0:03:06]} 17. Bb3 {[%emt 0:00:01]} Ba6 {[%emt 0:11:16]} 18. Rfe1 {[%emt 0:00:31]} Bd3 {[%emt 0:01:17]} 19. Qd1 {[%emt 0:00:06]} Qd6 {[%emt 0:04:36]} 20. f4 {[%emt 0:03:00]} Nbd5 {[%emt 0:18:09]} 21. Nc4 {[%emt 0:04:38]} Bxc4 {[%emt 0:15:37]} 22. Bxc4 {[%emt 0:00:03]} Nxf4 {[%emt 0:00:28]} 23. exf4 {[%emt 0:00:29]} Qxf4 {[%emt 0:00:05]} 24. Ne2 {[%emt 0:02:24]} Qh2+ {[%emt 0:01:28]} 25. Kf1 {[%emt 0:04:24]} e3 {[%emt 0:03:15]} 26. Ng1 {[%emt 0:01:06]} Re4 {[%emt 0:02:38]} 27. Qf3 {[%emt 0:06:22]} Rae8 {[%emt 0:02:40]} 28. Ke2 {[%emt 0:09:39]} Rf4 {[%emt 0:00:42]} 29. Qxc6 {[%emt 0:00:02]} Rf2+ {[%emt 0:00:16]} 30. Kd3 {[%emt 0:00:00]} Rxb2 {[%emt 0:05:36]} 31. Re2 {[%emt 0:00:01]} Rb6 {[%emt 0:01:03]} 32. Qf3 {[%emt 0:00:33]} Qd6 {[%emt 0:00:19]} 33. Rc1 {[%emt 0:01:47]} Re4 {[%emt 0:00:41]} 34. d5 {[%emt 0:03:28]} Qe5 {[%emt 0:02:03]} 35. Rc3 {[%emt 0:00:25]} Qd4+ {[%emt 0:01:37]} 36. Kc2 {[%emt 0:00:45]} Be5 {[%emt 0:00:05]} 37. Rexe3 {[%emt 0:01:02]} Rxe3 {[%emt 0:00:22]} 38. Qxe3 {[%emt 0:00:02]} Rb2+ 0-1

[Event "February Lviv Tradition-IM 2020"]
[Site "Lviv"]
[Date "2020.02.22"]
[Round "9.5"]
[White "Kagramanianz, Vartan"]
[Black "Sydoryka, Vladyslav"]
[Result "0-1"]
[WhiteElo "2238"]
[BlackElo "2318"]
[Annotator "ChessBase"]
[PlyCount "74"]
[EventDate "2020.02.17"]
[EventType "tourn"]
[EventCountry "UKR"]
[SourceTitle "playchess.com"]
[Source "ChessBase"]
[SourceQuality "1"]
[TimeControl "5400+30"]

1. Nf3 {[%emt 0:01:08]} Nf6 {[%emt 0:00:00]} 2. c4 {[%emt 0:00:02]} c5 {[%emt 0:00:00]} 3. b3 {[%emt 0:01:59]} g6 {[%emt 0:00:00]} 4. Bb2 {[%emt 0:00:01]} Bg7 {[%emt 0:00:00]} 5. e3 {[%emt 0:00:03]} O-O {[%emt 0:00:00]} 6. Be2 {[%emt 0:00:04]} Nc6 {[%emt 0:00:14]} 7. O-O {[%emt 0:00:04]} b6 {[%emt 0:00:01]} 8. d4 {[%emt 0:30:25]} cxd4 {[%emt 0:00:02]} 9. Nxd4 {[%emt 0:00:03]} Bb7 {[%emt 0:00:02]} 10. Bf3 Qc7 11. Nc3 Ne5 12. Bxb7 Qxb7 13. Nf3 Nxf3+ 14. Qxf3 Qxf3 15. gxf3 Rfc8 16. Rac1 d6 17. f4 Ne4 18. Nxe4 Bxb2 19. Rc2 Bg7 20. Rfc1 Rc6 21. Ng3 Rac8 22. f5 d5 23. fxg6 hxg6 24. a4 a6 25. Ne2 e6 26. Kf1 Rc5 27. Nd4 e5 28. Nf3 b5 29. axb5 axb5 30. Nd2 dxc4 31. bxc4 f5 32. Ke2 e4 33. Kd1 b4 34. Rb1 Bc3 35. Ke2 Bxd2 36. Kxd2 Rxc4 37. Rxc4 Rxc4 0-1